Normal view
MARC view
Entry Personal Name
001 - CONTROL NUMBER
- control field: 79438
003 - CONTROL NUMBER IDENTIFIER
- control field: OSt
005 - DATE AND TIME OF LATEST TRANSACTION
- control field: 20200829152951.0
008 - FIXED-LENGTH DATA ELEMENTS
- fixed length control field: 200829|| aca||aabn | a|a d
040 ## - CATALOGING SOURCE
- Original cataloging agency: OSt
- Transcribing agency: OSt
100 ## - HEADING--PERSONAL NAME
- Personal name: बख्शी,सुबोध
670 ## - SOURCE DATA FOUND
- Source citation: Work cat.: (OSt): बख्शी,सुबोध, विषयात्क एवं वस्तुनिष्ठ अंकगणित ट्रिक्स व उदाहरण सहित









